Hieroglyphika latopolitana : eine Studie zu mehrdeutigen Schreibungen in Esna /

محفوظ في:

المؤلف الرئيسي: Leitz, Christian.

التنسيق: كتاب

اللغة: German

منشور في: Wiesbaden : Harrassowitz Verlag, 2023.

سلاسل: Studien zur spätägyptischen Religion ; 39.
SSR ; 39.
Esna-Studien ; 3.

الموضوعات:

الوسوم: إضافة وسم

لا توجد وسوم, كن أول من يضع وسما على هذه التسجيلة!

رقم الطلب: PJ1526 .I8 L458 2023

LEADER 00941nam a22002897a 4500
003 OSt
005 20260202075047.0
008 020226t2023 gw 000 0 ger
010 |a  2023470138 
020 |a 9783447120401  |q hardbound 
035 |a (GyWOH)har230052753 
040 |c ARCE Library 
042 |a pcc 
050 1 4 |a PJ1526 .I8  |b L458 2023 
100 1 |a Leitz, Christian. 
245 1 0 |a Hieroglyphika latopolitana :  |b eine Studie zu mehrdeutigen Schreibungen in Esna /  |c Christian Leitz. 
264 1 |a Wiesbaden :  |b Harrassowitz Verlag,  |c 2023. 
300 |a viii, 176 pages ;  |c 31 cm. 
490 0 |a Studien zur spätägyptischen Religion ;   |v 39. 
490 0 |a SSR ;   |v 39. 
490 0 |a Esna-Studien ;   |v 3. 
504 |a Includes bibliographical references (pages 171-176). 
650 0 |a Inscriptions, Egyptian   |z Egypt   |z Isnā. 
776 0 8 |z 9783447394116  |i e-book version 
901 |a reviewed 
942 |2 lcc  |c BK 
999 |c 55041  |d 55041